| 000 | 00783nam a2200241Ia 4500 | ||
|---|---|---|---|
| 008 | 191130s2007##################000#0#eng## | ||
| 020 | _a9780231132428 | ||
| 022 | _a2006038537 | ||
| 040 |
_aACL _cACL |
||
| 082 | _a577.7385 MCK | ||
| 100 | _aMcKinney, Frank K | ||
| 245 |
_aThe northern Adriatic ecosystem : deep time in a shallow sea _cFrank K. McKinney |
||
| 250 | _a1st ed | ||
| 260 |
_aNew York _bColumbia University Press _c2007 |
||
| 300 | _axxii, 299 p. : ill., maps ; 27 cm | ||
| 500 | _aIncludes bibliographical references (p. [255]-287) and index | ||
| 650 | _aMarine ecology - Adriatic Sea | ||
| 650 | _aPaleoecology - Adriatic Sea | ||
| 650 | _aPaleoecology - Paleozoic | ||
| 990 | _ae2a210d6ac10000c3c68adca88029ed1 | ||
| 991 | _a244653 | ||
| 999 |
_c61480 _d61480 |
||